000 01252cam a22002897a 4500
999 _c328801
_d328801
001 149352
003 Nust
005 20170417133107.0
008 980430s1998 dcua b 001 0 eng
010 _a 98085695
020 _a088385709X
040 _aDLC
_cDLC
_dDLC
_dWaU
_dDLC
050 0 0 _aGE45.M37
_bH33 1998
082 0 0 _a363.7001 HAD
_221
100 1 _aHadlock, Charles Robert.
245 1 0 _aMathematical modeling in the environment /
_cCharles R. Hadlock.
260 _aWashington, DC :
_bMathematical Association of America,
_c1998.
300 _axiv, 302 p. :
_bill. ;
_c26 cm. +
_e1 computer disk (3 1/2 in.)
490 1 _aClassroom resource materials
500 _aP.B
504 _aIncludes bibliographical references and index.
650 0 _aEnvironmental sciences
_xMathematical models.
830 0 _aClassroom resource materials (Unnumbered)
856 4 2 _3Publisher description
_uhttp://www.loc.gov/catdir/description/cam029/98085695.html
856 4 1 _3Table of contents
_uhttp://www.loc.gov/catdir/toc/cam027/98085695.html
906 _a7
_bcbc
_corignew
_d3
_eopcn
_f19
_gy-gencatlg
942 _2ddc
_cBK
_k363.7001 HAD